| 000 | 00622cam a22002412a 4500 | ||
|---|---|---|---|
| 001 | 022305 | ||
| 003 | AR-FADEU | ||
| 008 | 311216n2011####xxu####################dd | ||
| 020 | _a978-987-630-095-7 | ||
| 092 |
_a420.7 _bM198-2 |
||
| 100 | _aMagno, Cristina | ||
| 245 | _aLectocomprensión en inglés | ||
| 250 | _a2a. ed | ||
| 260 | _aLos polvorines | ||
| 260 | _bUniversidad Nacional de General Sarmiento | ||
| 260 | _c2011 | ||
| 300 | _a3 v | ||
| 440 |
_aTextos básicos _n12 |
||
| 700 | _aAndrea, Scagnetti | ||
| 650 | _aENSEÑANZA DE INGLES; COMPRENSION LECTORA | ||
| 546 | _aInglés | ||
| 942 | _cBDGR | ||
| 999 |
_c28007 _d28007 |
||